000
00330 a2200157 4500
001
190552
020
_a
978-2300-1024-6
040
_c
Magnum
100
_a
Shaw, Donna
240
1
0
_a
Sharks and Dolphins
_l
ING
245
1
0
_a
Sharks and Dolphins
300
_a
31
362
0
_a
2007
697
_a
LITERATURA INGLESA
942
_c
BK
999
_c
190552
_d
190552